00378 a2200121 450000100060000010000160000624500740002226000170009609000170011394200230013099900190015395200840017229768 aChasen S L aGeometric principles and procedures for computer graphic applications abPrenticec c19785d19785 aNUST-CAEcMc10874 c264841d264841 001040708NFICaCAEbCAEd2017-04-03l0pCAE26510r2017-04-05w2017-04-05yBK